AH International Schools' Libraries

The little mermaid / (Record no. 49319)

MARC details
000 -LEADER
fixed length control field 00330nam a2200109 4500
020 ## - INTERNATIONAL STANDARD BOOK NUMBER
International Standard Book Number 9781474939942
100 ## - MAIN ENTRY--PERSONAL NAME
Personal name Andersen, Hans Christian
9 (RLIN) 23191
245 ## - TITLE STATEMENT
Title The little mermaid /
Statement of responsibility, etc Hans Christian Andersen & Mairi Mackinnon
260 ## - PUBLICATION, DISTRIBUTION, ETC. (IMPRINT)
Place of publication, distribution, etc London
Name of publisher, distributor, etc Usborne Publishing
Date of publication, distribution, etc 2018
300 ## - PHYSICAL DESCRIPTION
Extent 40 p.
Other physical details col. ill.
Dimensions 24 cm.
942 ## - ADDED ENTRY ELEMENTS (KOHA)
Source of classification or shelving scheme
Koha item type Book
Holdings
Withdrawn status Lost status Source of classification or shelving scheme Damaged status Not for loan Home library Current library Shelving location Date acquired Total Checkouts Full call number Barcode Date last seen Date checked out Price effective from Koha item type
          Asian Hope Early Years Library Asian Hope Early Years Library Easy Reading 08/15/2025 5 X AND 208933 04/07/2026 03/31/2026 08/15/2025 Book

For any Logos Library related questions please contact Miss Art at swongnarasuk@asianhope.org.

For any Asian Hope Library related questions please contact Miss Raza at graza@asianhope.org.

Powered by Koha